000 00884nam a2200277Ia 4500
008
020 _a9780122007514 (hardback)
040 _aNUST
_cNUST
049 _aMAIN
090 _aTK5105.5
_bDAL
100 1 _aDally, William James
245 1 0 _aPrinciples and practices of interconnection networks /
_cWilliam James Dally and Brian Towles
260 _aAmsterdam :
_bElsevier,
_c2004.
300 _axxiii, 550 pages :
_billustrations ;
_c26 cm.
336 _atext
_btxt
_2rdacontent
337 _aunmediated
_bn
_2rdamedia
338 _avolume
_bnc
_2rdacarrier
500 _aIncludes index.
504 _aIncludes bibliographical references.
650 0 _aEngineering instruments.
700 1 _aTowles, Brian.
907 _a.b10404843
_b14-06-21
_c14-06-21
003
005 20230123141203.0
942 _cBOOKS
_kTK5105.5
_mDAL
999 _c169175
_d169175